000 00484cam a2200181 4500
008 000000n1999 000 0 eng u
020 _a1860812775
035 _a(Sirsi) u100406
041 _aENG
050 _a690
110 _aBuilding Research Establishment
245 _aTreating dampness in basements.
260 _aWatford
_bCRC Ltd
_c1999
300 _a6p. ; 30cm.
490 _aBRE Good Repair Guide
_v23
690 _aBUILT ENVIRONMENT-CONSTRUCTION DESIGN
942 _n0
999 _c99692
_d99692